000 00636nam a2200217 4500
003 OSt
005 20240628075524.0
006 a
008 240628b |||||||| |||| 00| 0 eng d
020 _a9780470873779
040 _aDWCL-Main lib.
_cOC
082 _2Tenth edition
_aCirc. 621.319 Ir72 2011
100 _aIrwin, J. David
245 _aEngineering circuit analysis /
250 _aTenth edition
260 _aN.J. :
_bJohn Wiley & Sons, Inc. ,
_cc2011.
300 _axv,
_b839 p. : ill. ;
_c28 cm.
504 _aIncludes index.
650 _a1. Electric circuit analysis.
942 _2ddc
_n0
_cBK-CIRC
_eTenth edition
_kCirc.
999 _c1610
_d1610